000 00309nam a22001337a 4500
020 _a817826359-9
082 _a823
_bSHA/C
100 _aWILLIAM SHAKESPEAR
245 _aTHE COMEDY OF ERRORS
260 _aDELHI
_bROHAN BOOK COMPANY
_c2003
300 _a224
650 _aMODERN ILLUSTRATED CLASSICS
942 _cBK
999 _c297
_d297